000
00331nam a2200145Ia 4500
008
230917s9999||||xx |||||||||||||| ||und||
040
_e
108022
_a
MAIN
041
_a
English
082
_a
658.8 I2N
100
_a
ICFAI
245
4
_a
The new age marketing
260
_a
Hyderabad
_b
ICFAI
_c
2001
300
_a
205p p.
942
_c
BK
999
_c
123137
_d
123137